000 00878nam0a22002531 4500
001 RU\NLR\A1SV\123524
005 20251203171251.9
035 _a(NLR Aleph) 010444189
090 _a9902194
_c9902194
100 _a20101004d1925 u y0rusy50 ca
101 0 _arus
102 _aRU
200 1 _aСтенографический отчет расширенного заседания Коллегии НКП и Т Союза ССР совместно с начальниками округов связи 12, 13, 14 и 16 февраля 1925 г.
_fНар. ком. почт. и тел.
210 _aМ.
_cНКП и Т
_d1925
215 _a121 с.
_d26 см
620 _dМосква
710 0 1 _aСССР
_bНар. ком. связи
801 0 _aRU
_bNLR
_c20101004
852 _aNLR
_j53/114
899 _aРГБ
942 _cBOOK
980 _aNB
980 _aA1SV